| 000 | 00980nam a22002897a 4500 | ||
|---|---|---|---|
| 001 | 9910 | ||
| 003 | FISKH | ||
| 005 | 20260313151606.0 | ||
| 008 | 260313b cb ||||| |||| 00| 0 eng d | ||
| 020 | _a9780545416474 | ||
| 040 |
_aFISKH _beng _cFISKH _dFISKH |
||
| 050 | _aE207 .L2 .F86 | ||
| 082 | _a355.0092 | ||
| 100 | _aFreedman , Russell | ||
| 245 |
_aLafayette and the American revolution / _cBy Russell Freedman |
||
| 250 | _aFirst Scholastic printing , October 2011 | ||
| 260 |
_aNew York : _bScholastic , _c2010. |
||
| 300 |
_a88 pages : _bcolor illustrations ; _c21 X 24 cm . |
||
| 505 | _aZ | ||
| 520 | _aAn account of Marquis de Lafayette, a young French nobleman, who helped bring victory at Yorktown and became a lifelong friend of George Washington. | ||
| 521 | 8 |
_a1160
_bLexile |
|
| 521 | 8 |
_aZ
_bRaz-Plus |
|
| 650 |
_aAmerican history _vNon-fiction |
||
| 650 |
_aRevolutionary War _vNon-fiction |
||
| 942 |
_2ddc _cBK _n0 |
||
| 999 |
_c9910 _d9910 |
||